000 00282nam a2200097Ia 4500
008 240331s9999 xx 000 0 und d
082 _bANN
100 _aKumaraswamy,R. ed
245 3 _aAn annotated bibliography on violence against women in South Asia actions and responses
942 _cL
999 _c2907
_d2907